1703 1663 1395 1229 1058 1541 1597 1122 1079 1019 1997 1781 1822 1680 1875 1320 1735 1598 1244 1763 1938 1154 1588 1754 1148 1876 1895 1132 1192 1222 1166 1643 1527 1031 1069 1073 1098 1541 1504 1354 1066 1798 1885 1677 1741 1143 1443 1809 1027 1741 1635 1103 1041 1420 1938 1198 1003 1966 1926 1965 1543 1574 1895 1956 1223 1018 1510 1591 1766 1098 1785 1708 1293 1676 1317 1886 1748 1846 1843 1564 1498 1924 1705 1561 1525 1174 1956 1097 1556 1468 1413 1734 1815 1804 1381 1723 1952 1888 1161 BCNSPRNW ULIB Ver.6.0+V

เปลี่ยนเป็นภาษาไทย

Change to English
 แสดงรายละเอียดบรรณานุกรม
  กลับหน้าหลัก

Brief Record : Get Marc (ISO 2709) : E-mail record : QR code < ปิดหน้าต่าง
LEADER : 00000nam 2200000uu 4500
001    13399122523
003     ULIB
008    020711s2546 th a 000 0 tha d
020    9747254956
050    PL4185ูิ=432r
100    ชัยวัฒน์ สีแก้ว
245    พจนานุกรมไทย ฉบับนักเรียน/^cชัยวัฒน์ สีแก้ว
260    กรุงเทพฯ :^bหอสมุดกลาง0808,^c2546
300    565 หน้า
650    พจนานุกรม
945    ^p0^l0^i16176
945    ^p0^l0^i16177
รายการนี้ยังไม่มีแท็ก
คุณยังไม่ได้ล็อกอิน คุณสามารถมีกิจกรรมร่วมกับเว็บไซต์ได้ แต่ต้องล็อกอินก่อน ::
  ล็อกอิน

รายการสื่อสารสนเทศ

ลำดับที่ ประเภท เลขเรียก/บาร์โค้ด สถานที่ สถานะ
1. การศึกษาทั่วไป
การศึกษาทั่วไป
PL4185ูิ=432r ฉ.1 
  Barcode: 16176
ห้องสมุดวิทยาเขตสวรรค์ประชารักษ์
►หนังสือทั่วไป
บนชั้น
2. การศึกษาทั่วไป
การศึกษาทั่วไป
PL4185ูิ=432r ฉ.2 
  Barcode: 16177
ห้องสมุดวิทยาเขตสวรรค์ประชารักษ์
►หนังสือทั่วไป
บนชั้น

รายการใกล้เคียง
    หัวเรื่อง [พจนานุกรม]

BibComment


ยังไม่เคยถูกคอมเมนท์

คอมเมนท์ทรัพยากรรายการนี้
  คอมเมนท์: พจนานุกรมไทย ฉบับ..


 Copyright 2026. Bcnsprnw @Library